[Event "GER-ch Youth U12 2020"]
[Site "Willingen"]
[Date "2020.10.30"]
[Round "6.18"]
[White "Aravindan, Midhulan"]
[Black "Bräutigam, Alexander"]
[Result "1/2-1/2"]
[WhiteElo "1565"]
[BlackElo "1631"]
[Annotator "NA RC"]
[PlyCount "126"]
[EventDate "2020.10.27"]
[EventType "swiss"]
[EventRounds "7"]
[EventCountry "GER"]
[SourceTitle "playchess.com"]
[Source "ChessBase"]
[SourceQuality "1"]
[TimeControl "40/5400+30:1800+30"]

1. e4 {[%emt 0:00:00]} c5 {[%emt 0:00:00]} 2. Nc3 {[%emt 0:00:00]} d6 {[%emt 0:00:00]} 3. f4 {[%emt 0:00:00]} Nc6 {[%emt 0:00:01]} 4. Nf3 {[%emt 0:00:04]} Bg4 {[%emt 0:00:26]} 5. Bb5 {[%emt 0:01:54]} a6 {[%emt 0:00:10]} 6. Bxc6+ {[%emt 0:00:08]} bxc6 {[%emt 0:00:06]} 7. d3 {[%emt 0:03:10]} Nf6 {[%emt 0:02:13]} 8. h3 {[%emt 0:01:10]} Bxf3 {[%emt 0:00:11]} 9. Qxf3 {[%emt 0:00:11]} Qc7 {[%emt 0:00:34]} 10. O-O {[%emt 0:00:42]} e6 {[%emt 0:00:23]} 11. e5 {[%emt 0:04:47]} Nd5 {[%emt 0:00:42]} 12. Ne4 {[%emt 0:02:39]} Nb6 {[%emt 0:00:57]} 13. Be3 {[%emt 0:02:43]} c4 {[%emt 0:01:34]} 14. d4 {[%emt 0:06:45]} d5 {[%emt 0:00:20]} 15. Ng3 {[%emt 0:00:36]} g6 {[%emt 0:01:02]} 16. Qf2 {[%emt 0:03:16]} Be7 {[%emt 0:00:59]} 17. Ne2 {[%emt 0:00:43]} a5 {[%emt 0:02:27]} 18. a4 {[%emt 0:03:24]} h5 {[%emt 0:03:27]} 19. Qe1 {[%emt 0:05:19]} Bb4 {[%emt 0:02:34]} 20. c3 {[%emt 0:04:07]} Be7 {[%emt 0:00:37]} 21. Bf2 {[%emt 0:01:07]} h4 {[%emt 0:02:10]} 22. Kh1 {[%emt 0:01:01]} Kd7 {[%emt 0:02:29]} 23. Qd2 {[%emt 0:03:47]} Rab8 {[%emt 0:05:12]} 24. Rfb1 {[%emt 0:02:38]} Rb7 {[%emt 0:03:38]} 25. Qe1 {[%emt 0:03:13]} Qb8 {[%emt 0:01:58]} 26. Ng1 {[%emt 0:02:22]} Kc7 {[%emt 0:05:07]} 27. Nf3 {[%emt 0:03:53]} Qd8 {[%emt 0:01:21]} 28. Qc1 {[%emt 0:01:59]} Nc8 {[%emt 0:03:31]} 29. Qc2 {[%emt 0:04:37]} Na7 {[%emt 0:08:36]} 30. b3 {[%emt 0:07:37]} cxb3 {[%emt 0:02:17]} 31. Rxb3 {[%emt 0:00:46]} Rxb3 {[%emt 0:00:14]} 32. Qxb3 {[%emt 0:00:06]} Qb8 {[%emt 0:00:10]} 33. Rb1 {[%emt 0:01:30]} Qxb3 {[%emt 0:00:20]} 34. Rxb3 {[%emt 0:00:08]} Nc8 {[%emt 0:00:19]} 35. Rb1 {[%emt 0:08:27]} Nb6 {[%emt 0:02:04]} 36. Be1 {[%emt 0:00:58]} Nc4 {[%emt 0:00:30]} 37. Kg1 {[%emt 0:03:19]} Rb8 {[%emt 0:04:33]} 38. Rxb8 {[%emt 0:00:34]} Kxb8 {[%emt 0:00:18]} 39. Kf2 {[%emt 0:06:11]} Nb2 {[%emt 0:01:22]} 40. Ke2 {[%emt 0:01:28]} Nxa4 {[%emt 0:01:05]} 41. Kd2 {[%emt 0:30:30]} Kb7 {[%emt 0:30:36]} 42. Bxh4 {[%emt 0:01:24]} Bxh4 {[%emt 0:01:18]} 43. Nxh4 {[%emt 0:00:14]} Kb6 {[%emt 0:00:11]} 44. Nf3 {[%emt 0:00:21]} Kb5 {[%emt 0:00:38]} 45. g4 {[%emt 0:00:18]} Kc4 {[%emt 0:00:36]} 46. Kc2 {[%emt 0:01:21]} Nxc3 {[%emt 0:01:32]} 47. h4 {[%emt 0:06:03]} Ne2 {[%emt 0:00:57]} 48. h5 {[%emt 0:00:24]} Nxf4 {[%emt 0:01:32]} 49. h6 {[%emt 0:00:15]} g5 {[%emt 0:00:18]} 50. Nxg5 {[%emt 0:00:09]} Ng6 {[%emt 0:01:11]} 51. Nxf7 {[%emt 0:00:11]} Kxd4 {[%emt 0:02:08]} 52. Nd8 {[%emt 0:03:47]} Kxe5 {[%emt 0:01:47]} 53. Nxc6+ {[%emt 0:03:30]} Kf4 {[%emt 0:00:52]} 54. h7 {[%emt 0:00:33]} Nh8 {[%emt 0:01:55]} 55. Nxa5 {[%emt 0:00:21]} Kxg4 {[%emt 0:00:15]} 56. Kd3 {[%emt 0:00:21]} e5 {[%emt 0:02:12]} 57. Nc6 {[%emt 0:00:00]} Kf5 {[%emt 0:00:00]} 58. Nb4 {[%emt 0:00:00]} Ke6 {[%emt 0:00:00]} 59. Ke3 {[%emt 0:00:00]} Nf7 {[%emt 0:00:00]} 60. Nc6 {[%emt 0:00:00]} Kd6 {[%emt 0:00:00]} 61. Nb4 {[%emt 0:00:00]} d4+ {[%emt 0:00:00]} 62. Kd3 {[%emt 0:00:00]} Kc5 {[%emt 0:00:00]} 63. Nc2 {[%emt 0:00:00]} Kd5 {[%emt 0:00:00]} 1/2-1/2

[Event "GER-ch Youth U12 2020"]
[Site "Willingen"]
[Date "2020.10.30"]
[Round "6.19"]
[White "Göpfert, Gregor"]
[Black "Torosyan, Bagrat"]
[Result "0-1"]
[WhiteElo "1603"]
[BlackElo "1634"]
[Annotator "NA RC"]
[PlyCount "46"]
[EventDate "2020.10.27"]
[EventType "swiss"]
[EventRounds "7"]
[EventCountry "GER"]
[SourceTitle "playchess.com"]
[Source "ChessBase"]
[SourceQuality "1"]
[TimeControl "40/5400+30:1800+30"]

1. e4 {[%emt 0:00:00]} e5 {[%emt 0:00:00]} 2. Nf3 {[%emt 0:00:00]} Nc6 {[%emt 0:00:00]} 3. Bc4 {[%emt 0:00:00]} Bc5 {[%emt 0:00:00]} 4. c3 {[%emt 0:00:00]} Nf6 {[%emt 0:00:04]} 5. d3 {[%emt 0:00:00]} d6 {[%emt 0:00:12]} 6. b4 {[%emt 0:01:17]} Bb6 {[%emt 0:00:10]} 7. a4 {[%emt 0:00:40]} a5 {[%emt 0:02:01]} 8. b5 {[%emt 0:02:20]} Ne7 {[%emt 0:01:01]} 9. Qb3 {[%emt 0:00:33]} O-O {[%emt 0:00:59]} 10. h3 {[%emt 0:01:39]} Ng6 {[%emt 0:01:37]} 11. O-O {[%emt 0:02:10]} h6 {[%emt 0:00:53]} 12. Re1 {[%emt 0:04:19]} Nh5 {[%emt 0:03:36]} 13. d4 {[%emt 0:10:06]} Qf6 {[%emt 0:03:21]} 14. dxe5 {[%emt 0:08:27]} dxe5 {[%emt 0:00:32]} 15. Qd1 {[%emt 0:03:46]} Rd8 {[%emt 0:02:41]} 16. Nbd2 {[%emt 0:01:25]} Ngf4 {[%emt 0:03:50]} 17. Bf1 {[%emt 0:04:41]} Qg6 {[%emt 0:04:08]} 18. Nh4 {[%emt 0:05:32]} Bxf2+ {[%emt 0:04:04]} 19. Kh1 {[%emt 0:00:53]} Bxh4 {[%emt 0:00:26]} 20. Kg1 Bf2+ 21. Kxf2 Qg3+ 22. Kg1 Nxh3+ 23. Kh1 Nf2+ 0-1

[Event "GER-ch Youth U12 2020"]
[Site "Willingen"]
[Date "2020.10.30"]
[Round "6.20"]
[White "Dorendorf, Mika"]
[Black "Deschler, Arne"]
[Result "1-0"]
[WhiteElo "1462"]
[BlackElo "1671"]
[Annotator "NA RC"]
[PlyCount "99"]
[EventDate "2020.10.27"]
[EventType "swiss"]
[EventRounds "7"]
[EventCountry "GER"]
[SourceTitle "playchess.com"]
[Source "ChessBase"]
[SourceQuality "1"]
[TimeControl "40/5400+30:1800+30"]

1. d4 {[%emt 0:00:00]} d5 {[%emt 0:00:00]} 2. c4 {[%emt 0:00:00]} c6 {[%emt 0:00:00]} 3. cxd5 {[%emt 0:00:00]} cxd5 {[%emt 0:00:00]} 4. Nc3 {[%emt 0:00:00]} Nf6 {[%emt 0:00:30]} 5. Bf4 {[%emt 0:00:00]} a6 {[%emt 0:00:37]} 6. e3 {[%emt 0:00:15]} Bf5 {[%emt 0:00:57]} 7. Qb3 {[%emt 0:00:21]} b5 {[%emt 0:00:53]} 8. h3 {[%emt 0:01:28]} e6 {[%emt 0:01:21]} 9. Rc1 {[%emt 0:00:19]} Bd6 {[%emt 0:01:15]} 10. Bxd6 {[%emt 0:00:41]} Qxd6 {[%emt 0:02:29]} 11. Bxb5+ {[%emt 0:00:57]} Nbd7 {[%emt 0:02:14]} 12. Bxd7+ {[%emt 0:00:32]} Nxd7 {[%emt 0:00:49]} 13. Qd1 {[%emt 0:05:29]} O-O {[%emt 0:03:33]} 14. Nf3 {[%emt 0:00:31]} Qb4 {[%emt 0:01:19]} 15. b3 {[%emt 0:03:09]} Rfc8 {[%emt 0:01:28]} 16. Qd2 {[%emt 0:00:53]} Rc7 {[%emt 0:03:39]} 17. O-O {[%emt 0:01:31]} Rac8 {[%emt 0:01:05]} 18. Ne2 {[%emt 0:00:26]} Qxd2 {[%emt 0:02:07]} 19. Nxd2 {[%emt 0:00:23]} Rc2 {[%emt 0:01:13]} 20. a4 {[%emt 0:11:28]} Bd3 {[%emt 0:03:53]} 21. Rfe1 {[%emt 0:00:52]} Nb6 {[%emt 0:03:27]} 22. Rcd1 {[%emt 0:03:03]} Ra2 {[%emt 0:12:17]} 23. Nc1 {[%emt 0:04:23]} Rxc1 {[%emt 0:02:18]} 24. Rxc1 {[%emt 0:00:10]} Rxd2 {[%emt 0:00:25]} 25. Red1 {[%emt 0:00:23]} Rxd1+ {[%emt 0:01:33]} 26. Rxd1 {[%emt 0:00:51]} Bc2 {[%emt 0:03:08]} 27. Rc1 {[%emt 0:00:21]} Bd3 {[%emt 0:02:40]} 28. Rc3 {[%emt 0:00:21]} Be2 {[%emt 0:04:49]} 29. f3 {[%emt 0:00:34]} a5 {[%emt 0:06:27]} 30. Kf2 {[%emt 0:00:46]} Bc4 {[%emt 0:00:43]} 31. bxc4 {[%emt 0:00:22]} dxc4 {[%emt 0:00:56]} 32. e4 {[%emt 0:01:16]} Kf8 {[%emt 0:00:42]} 33. Ke3 {[%emt 0:00:27]} Ke7 {[%emt 0:00:37]} 34. Rc1 {[%emt 0:00:26]} Kf6 {[%emt 0:01:54]} 35. Rb1 {[%emt 0:00:53]} Nxa4 {[%emt 0:00:54]} 36. Ra1 {[%emt 0:00:10]} Nb2 {[%emt 0:00:45]} 37. Rxa5 {[%emt 0:01:06]} c3 {[%emt 0:00:37]} 38. Rc5 {[%emt 0:00:39]} g5 {[%emt 0:02:23]} 39. Ke2 {[%emt 0:02:09]} Na4 {[%emt 0:02:20]} 40. Rc4 {[%emt 0:00:24]} Nb6 {[%emt 0:01:47]} 41. Rxc3 {[%emt 0:30:51]} Nd7 {[%emt 0:30:33]} 42. Ke3 {[%emt 0:00:25]} Nf8 {[%emt 0:00:58]} 43. Rc7 {[%emt 0:02:29]} Ng6 {[%emt 0:00:48]} 44. g3 {[%emt 0:00:36]} e5 {[%emt 0:01:43]} 45. Rc6+ {[%emt 0:00:23]} Ke7 {[%emt 0:00:40]} 46. dxe5 {[%emt 0:01:34]} Nxe5 {[%emt 0:00:59]} 47. Rh6 {[%emt 0:00:47]} Kf8 {[%emt 0:01:23]} 48. Rxh7 {[%emt 0:00:50]} Ng6 {[%emt 0:00:05]} 49. Rh5 {[%emt 0:00:23]} f6 {[%emt 0:00:45]} 50. f4 {[%emt 0:00:21]} 1-0

[Event "GER-ch Youth U12 2020"]
[Site "Willingen"]
[Date "2020.10.30"]
[Round "6.21"]
[White "Schreidl, Michael"]
[Black "Guo, Jacob Tingshen"]
[Result "1/2-1/2"]
[WhiteElo "1640"]
[BlackElo "1551"]
[Annotator "NA RC"]
[PlyCount "90"]
[EventDate "2020.10.27"]
[EventType "swiss"]
[EventRounds "7"]
[EventCountry "GER"]
[SourceTitle "playchess.com"]
[Source "ChessBase"]
[SourceQuality "1"]
[TimeControl "40/5400+30:1800+30"]

1. e4 {[%emt 0:00:00]} c5 {[%emt 0:00:00]} 2. Nf3 {[%emt 0:00:00]} Nc6 {[%emt 0:00:00]} 3. d4 {[%emt 0:00:00]} cxd4 {[%emt 0:00:01]} 4. Nxd4 {[%emt 0:00:00]} Nf6 {[%emt 0:00:12]} 5. Nc3 {[%emt 0:00:00]} e5 {[%emt 0:00:09]} 6. Ndb5 {[%emt 0:00:00]} d6 {[%emt 0:00:11]} 7. Bg5 {[%emt 0:00:00]} a6 {[%emt 0:00:31]} 8. Na3 {[%emt 0:00:07]} b5 {[%emt 0:01:04]} 9. Nd5 {[%emt 0:00:04]} Be7 {[%emt 0:01:27]} 10. Bxf6 {[%emt 0:00:31]} Bxf6 {[%emt 0:00:10]} 11. c3 {[%emt 0:00:20]} Bg5 {[%emt 0:04:56]} 12. Nc2 {[%emt 0:01:23]} Rb8 {[%emt 0:04:41]} 13. Be2 {[%emt 0:07:39]} O-O {[%emt 0:03:21]} 14. Nce3 {[%emt 0:03:27]} Bxe3 {[%emt 0:09:03]} 15. Nxe3 {[%emt 0:00:08]} Kh8 {[%emt 0:02:17]} 16. Bg4 {[%emt 0:07:01]} Be6 {[%emt 0:08:30]} 17. h3 {[%emt 0:04:13]} g6 {[%emt 0:09:25]} 18. Bf3 {[%emt 0:06:08]} Qd7 {[%emt 0:08:00]} 19. g4 {[%emt 0:18:33]} Ne7 {[%emt 0:11:05]} 20. Nd5 {[%emt 0:10:58]} f5 {[%emt 0:10:36]} 21. Nxe7 {[%emt 0:06:41]} Qxe7 {[%emt 0:01:06]} 22. gxf5 {[%emt 0:08:35]} gxf5 {[%emt 0:02:19]} 23. Qd2 {[%emt 0:02:54]} fxe4 {[%emt 0:05:19]} 24. Bxe4 {[%emt 0:00:06]} Bf5 {[%emt 0:01:03]} 25. Bxf5 {[%emt 0:00:49]} Rxf5 {[%emt 0:01:05]} 26. O-O-O {[%emt 0:01:39]} Rd8 {[%emt 0:01:12]} 27. Rhe1 {[%emt 0:05:27]} Qf6 {[%emt 0:05:55]} 28. Re2 {[%emt 0:02:02]} d5 {[%emt 0:03:52]} 29. a3 {[%emt 0:05:53]} d4 {[%emt 0:02:59]} 30. Qc2 {[%emt 0:05:55]} Rc8 {[%emt 0:01:20]} 31. Rd3 {[%emt 0:02:14]} Qg5+ {[%emt 0:02:21]} 32. Kb1 {[%emt 0:00:22]} Qg1+ {[%emt 0:00:20]} 33. Rd1 {[%emt 0:00:14]} Qg6 {[%emt 0:01:01]} 34. Qd3 {[%emt 0:02:44]} dxc3 {[%emt 0:00:46]} 35. bxc3 {[%emt 0:00:32]} Qf6 {[%emt 0:00:32]} 36. Rdd2 {[%emt 0:00:38]} Rf3 {[%emt 0:00:31]} 37. Qd7 {[%emt 0:00:30]} Qf5+ {[%emt 0:00:31]} 38. Qxf5 {[%emt 0:00:12]} Rxf5 {[%emt 0:00:06]} 39. Kc2 {[%emt 0:00:15]} Kg7 {[%emt 0:00:52]} 40. Re3 {[%emt 0:00:12]} Rcf8 {[%emt 0:00:23]} 41. Ree2 {[%emt 0:31:00]} R8f7 {[%emt 0:30:40]} 42. Kb3 Kg6 43. Kc2 Kg5 44. Kb3 Kg6 45. Rxe5 Rf3 1/2-1/2

[Event "GER-ch Youth U12 2020"]
[Site "Willingen"]
[Date "2020.10.30"]
[Round "6.22"]
[White "Cromm, Mika"]
[Black "Brandstrup, Luca Alexander"]
[Result "1/2-1/2"]
[WhiteElo "1665"]
[BlackElo "1575"]
[Annotator "NA RC"]
[PlyCount "69"]
[EventDate "2020.10.27"]
[EventType "swiss"]
[EventRounds "7"]
[EventCountry "GER"]
[SourceTitle "playchess.com"]
[Source "ChessBase"]
[SourceQuality "1"]
[TimeControl "40/5400+30:1800+30"]

1. d4 {[%emt 0:00:00]} Nf6 {[%emt 0:00:00]} 2. c4 {[%emt 0:00:00]} e6 {[%emt 0:00:57]} 3. Nc3 {[%emt 0:00:00]} Bb4 {[%emt 0:00:07]} 4. a3 {[%emt 0:01:09]} Bxc3+ {[%emt 0:00:20]} 5. bxc3 {[%emt 0:00:07]} O-O {[%emt 0:02:51]} 6. Nf3 {[%emt 0:02:26]} d6 {[%emt 0:02:08]} 7. Bg5 {[%emt 0:04:58]} h6 {[%emt 0:01:47]} 8. Bh4 {[%emt 0:00:39]} Nbd7 {[%emt 0:01:05]} 9. e4 {[%emt 0:02:14]} e5 {[%emt 0:00:31]} 10. Bd3 {[%emt 0:03:39]} b6 {[%emt 0:02:15]} 11. O-O {[%emt 0:03:49]} Bb7 {[%emt 0:02:33]} 12. Re1 {[%emt 0:02:14]} Re8 {[%emt 0:01:22]} 13. Qc2 {[%emt 0:01:16]} Nf8 {[%emt 0:03:58]} 14. Rad1 {[%emt 0:14:06]} Qe7 {[%emt 0:02:50]} 15. Nd2 {[%emt 0:05:07]} c5 {[%emt 0:02:05]} 16. d5 {[%emt 0:01:07]} Ng6 {[%emt 0:00:41]} 17. Bg3 {[%emt 0:01:43]} Nh5 {[%emt 0:02:57]} 18. Nf1 {[%emt 0:05:50]} Nhf4 {[%emt 0:02:08]} 19. Ne3 {[%emt 0:01:04]} Bc8 {[%emt 0:01:59]} 20. Bxf4 {[%emt 0:02:38]} Nxf4 {[%emt 0:01:08]} 21. Bf1 {[%emt 0:09:07]} Bd7 {[%emt 0:05:00]} 22. Nf5 {[%emt 0:01:17]} Bxf5 {[%emt 0:00:22]} 23. exf5 {[%emt 0:00:06]} Kh8 {[%emt 0:02:49]} 24. g3 {[%emt 0:01:42]} Nh5 {[%emt 0:01:11]} 25. Qe2 {[%emt 0:04:48]} Nf6 {[%emt 0:00:40]} 26. h4 {[%emt 0:00:48]} g6 {[%emt 0:03:03]} 27. Bh3 {[%emt 0:03:03]} g5 {[%emt 0:02:15]} 28. hxg5 {[%emt 0:00:15]} hxg5 {[%emt 0:00:26]} 29. f3 {[%emt 0:01:20]} Kg7 {[%emt 0:01:51]} 30. Qe3 {[%emt 0:02:06]} Nh7 {[%emt 0:00:56]} 31. Kg2 {[%emt 0:02:56]} f6 {[%emt 0:03:00]} 32. Rh1 {[%emt 0:01:37]} Rh8 {[%emt 0:01:38]} 33. Bg4 {[%emt 0:00:59]} Rag8 {[%emt 0:01:30]} 34. Rh2 {[%emt 0:01:09]} Nf8 {[%emt 0:01:10]} 35. Rdh1 {[%emt 0:00:57]} 1/2-1/2

[Event "GER-ch Youth U12 2020"]
[Site "Willingen"]
[Date "2020.10.30"]
[Round "6.24"]
[White "Isbilir, Levin"]
[Black "Schneble, Milan"]
[Result "1-0"]
[WhiteElo "1233"]
[BlackElo "1418"]
[Annotator "NA RC"]
[PlyCount "47"]
[EventDate "2020.10.27"]
[EventType "swiss"]
[EventRounds "7"]
[EventCountry "GER"]
[SourceTitle "playchess.com"]
[Source "ChessBase"]
[SourceQuality "1"]
[TimeControl "40/5400+30:1800+30"]

1. e4 {[%emt 0:00:00]} d6 {[%emt 0:00:00]} 2. d4 {[%emt 0:00:00]} g6 {[%emt 0:00:00]} 3. Nc3 {[%emt 0:00:00]} Bg7 {[%emt 0:00:11]} 4. Be3 {[%emt 0:00:17]} Nf6 {[%emt 0:00:29]} 5. Qd2 {[%emt 0:02:08]} Nc6 {[%emt 0:00:37]} 6. O-O-O {[%emt 0:02:19]} Bd7 {[%emt 0:02:31]} 7. h4 {[%emt 0:01:01]} e6 {[%emt 0:03:45]} 8. f3 {[%emt 0:02:14]} Ne7 {[%emt 0:00:31]} 9. Be2 {[%emt 0:05:18]} c6 {[%emt 0:02:28]} 10. g4 {[%emt 0:05:51]} b5 {[%emt 0:01:21]} 11. Bh6 {[%emt 0:02:19]} Bxh6 {[%emt 0:05:26]} 12. Qxh6 {[%emt 0:00:10]} Nc8 {[%emt 0:02:37]} 13. h5 {[%emt 0:05:53]} Ng8 {[%emt 0:01:30]} 14. Qg7 {[%emt 0:07:44]} Qf6 {[%emt 0:00:08]} 15. Qxf6 {[%emt 0:17:17]} Nxf6 {[%emt 0:00:21]} 16. hxg6 {[%emt 0:01:04]} fxg6 {[%emt 0:00:14]} 17. Bd3 {[%emt 0:01:07]} O-O {[%emt 0:03:13]} 18. Nh3 {[%emt 0:13:38]} Ne7 {[%emt 0:01:31]} 19. e5 {[%emt 0:02:53]} dxe5 {[%emt 0:00:45]} 20. dxe5 {[%emt 0:00:07]} Nfd5 {[%emt 0:00:29]} 21. Nxd5 {[%emt 0:02:47]} Nxd5 {[%emt 0:00:57]} 22. Ng5 {[%emt 0:01:11]} Be8 {[%emt 0:09:40]} 23. Rxh7 {[%emt 0:05:11]} Rxf3 {[%emt 0:02:26]} 24. Rdh1 {[%emt 0:01:12]} 1-0

[Event "GER-ch Youth U12 2020"]
[Site "Willingen"]
[Date "2020.10.30"]
[Round "6.25"]
[White "Müller, Mitja"]
[Black "Mader, Fabian"]
[Result "1-0"]
[WhiteElo "1360"]
[BlackElo "1588"]
[Annotator "NA RC"]
[PlyCount "113"]
[EventDate "2020.10.27"]
[EventType "swiss"]
[EventRounds "7"]
[EventCountry "GER"]
[SourceTitle "playchess.com"]
[Source "ChessBase"]
[SourceQuality "1"]
[TimeControl "40/5400+30:1800+30"]

1. d4 {[%emt 0:00:00]} Nf6 {[%emt 0:00:00]} 2. c4 {[%emt 0:00:00]} g6 {[%emt 0:00:00]} 3. Nc3 {[%emt 0:00:07]} d5 {[%emt 0:00:00]} 4. Nf3 {[%emt 0:00:13]} Bg7 {[%emt 0:00:00]} 5. Qb3 {[%emt 0:00:13]} c5 {[%emt 0:00:46]} 6. dxc5 {[%emt 0:00:40]} d4 {[%emt 0:01:36]} 7. Nb5 {[%emt 0:04:14]} Nbd7 {[%emt 0:02:38]} 8. Nbxd4 {[%emt 0:06:08]} Qa5+ {[%emt 0:07:18]} 9. Bd2 {[%emt 0:01:05]} Qxc5 {[%emt 0:00:40]} 10. e3 {[%emt 0:01:21]} O-O {[%emt 0:01:37]} 11. Bb4 {[%emt 0:01:07]} Qc7 {[%emt 0:05:32]} 12. Bxe7 {[%emt 0:01:58]} Re8 {[%emt 0:01:35]} 13. Nb5 {[%emt 0:01:21]} Qb6 {[%emt 0:02:15]} 14. Bxf6 {[%emt 0:01:29]} Nxf6 {[%emt 0:03:43]} 15. Be2 {[%emt 0:00:26]} Ne4 {[%emt 0:15:00]} 16. O-O {[%emt 0:00:53]} Bg4 {[%emt 0:05:08]} 17. Rfd1 {[%emt 0:01:01]} a6 {[%emt 0:13:38]} 18. Nc3 {[%emt 0:01:59]} Qxb3 {[%emt 0:05:22]} 19. axb3 {[%emt 0:00:49]} Bxc3 {[%emt 0:01:48]} 20. bxc3 {[%emt 0:01:59]} Nxc3 {[%emt 0:00:20]} 21. Rd2 {[%emt 0:01:59]} Rad8 {[%emt 0:04:07]} 22. Rc2 {[%emt 0:05:48]} Nxe2+ {[%emt 0:04:09]} 23. Rxe2 {[%emt 0:01:02]} Rd3 {[%emt 0:01:47]} 24. Rb2 {[%emt 0:02:40]} Red8 {[%emt 0:05:00]} 25. Nd4 {[%emt 0:01:46]} Bd1 {[%emt 0:05:10]} 26. Kf1 {[%emt 0:02:46]} Bg4 {[%emt 0:03:43]} 27. h3 {[%emt 0:02:14]} Bf5 {[%emt 0:03:06]} 28. Ke2 {[%emt 0:00:40]} h5 {[%emt 0:03:45]} 29. g4 {[%emt 0:00:31]} hxg4 {[%emt 0:01:11]} 30. hxg4 {[%emt 0:00:12]} R3xd4 {[%emt 0:01:08]} 31. exd4 {[%emt 0:00:31]} Bxg4+ {[%emt 0:00:07]} 32. Kd3 {[%emt 0:00:33]} Bf5+ {[%emt 0:00:17]} 33. Kc3 {[%emt 0:00:11]} Kg7 {[%emt 0:00:17]} 34. d5 {[%emt 0:00:16]} Kf6 {[%emt 0:00:17]} 35. Re1 {[%emt 0:00:35]} Rd6 {[%emt 0:00:20]} 36. f4 {[%emt 0:00:29]} g5 {[%emt 0:00:44]} 37. fxg5+ {[%emt 0:00:17]} Kxg5 {[%emt 0:00:10]} 38. Kd4 {[%emt 0:00:20]} b6 {[%emt 0:00:41]} 39. c5 {[%emt 0:00:47]} bxc5+ 40. Kxc5 {[%emt 0:00:12]} Rd7 {[%emt 0:00:22]} 41. Kc6 {[%emt 0:30:52]} f6 {[%emt 0:31:10]} 42. d6 {[%emt 0:00:25]} a5 {[%emt 0:01:00]} 43. Re7 {[%emt 0:00:14]} Rd8 {[%emt 0:00:30]} 44. d7 {[%emt 0:01:06]} Rxd7 {[%emt 0:00:17]} 45. Rxd7 {[%emt 0:00:09]} Bxd7+ {[%emt 0:00:03]} 46. Kxd7 {[%emt 0:00:05]} f5 {[%emt 0:00:07]} 47. Rf2 {[%emt 0:01:11]} f4 {[%emt 0:00:28]} 48. Kd6 {[%emt 0:00:21]} Kg4 {[%emt 0:00:16]} 49. Ke5 {[%emt 0:00:15]} f3 {[%emt 0:00:23]} 50. Ke4 {[%emt 0:00:11]} Kg3 {[%emt 0:00:43]} 51. Rxf3+ {[%emt 0:00:08]} Kg2 {[%emt 0:00:17]} 52. Ke3 {[%emt 0:00:12]} Kg1 {[%emt 0:00:59]} 53. Rf2 {[%emt 0:00:08]} Kh1 {[%emt 0:00:19]} 54. Kf3 {[%emt 0:00:13]} Kg1 {[%emt 0:00:06]} 55. Kg3 {[%emt 0:00:12]} a4 {[%emt 0:00:12]} 56. bxa4 {[%emt 0:00:05]} Kh1 {[%emt 0:00:03]} 57. Rf1# {[%emt 0:00:11]} 1-0

[Event "GER-ch Youth U12 2020"]
[Site "Willingen"]
[Date "2020.10.30"]
[Round "6.26"]
[White "Ehrlich, Patrick"]
[Black "Schröder, Jan-Hendrik"]
[Result "0-1"]
[WhiteElo "1448"]
[BlackElo "1324"]
[Annotator "NA RC"]
[PlyCount "62"]
[EventDate "2020.10.27"]
[EventType "swiss"]
[EventRounds "7"]
[EventCountry "GER"]
[SourceTitle "playchess.com"]
[Source "ChessBase"]
[SourceQuality "1"]
[TimeControl "40/5400+30:1800+30"]

1. d4 {[%emt 0:00:00]} c5 {[%emt 0:00:00]} 2. dxc5 {[%emt 0:02:25]} Na6 {[%emt 0:00:00]} 3. e4 {[%emt 0:05:22]} Nxc5 {[%emt 0:00:07]} 4. Nc3 {[%emt 0:00:14]} g6 {[%emt 0:00:23]} 5. Be3 {[%emt 0:00:31]} d6 {[%emt 0:00:26]} 6. Bxc5 {[%emt 0:00:52]} dxc5 {[%emt 0:00:09]} 7. Qxd8+ {[%emt 0:00:04]} Kxd8 {[%emt 0:00:12]} 8. O-O-O+ {[%emt 0:00:44]} Kc7 {[%emt 0:00:41]} 9. a4 {[%emt 0:02:53]} Be6 {[%emt 0:01:33]} 10. Nf3 {[%emt 0:02:39]} Bg7 {[%emt 0:00:47]} 11. Ng5 {[%emt 0:05:28]} Bxc3 {[%emt 0:00:46]} 12. Nxe6+ {[%emt 0:00:20]} fxe6 {[%emt 0:00:12]} 13. bxc3 {[%emt 0:00:06]} Nf6 {[%emt 0:00:30]} 14. f3 {[%emt 0:03:51]} e5 {[%emt 0:01:30]} 15. Bc4 {[%emt 0:10:38]} Rhd8 {[%emt 0:01:19]} 16. Rxd8 {[%emt 0:01:23]} Rxd8 {[%emt 0:00:11]} 17. Rd1 {[%emt 0:00:04]} Rxd1+ {[%emt 0:00:34]} 18. Kxd1 {[%emt 0:00:06]} Kb6 {[%emt 0:00:11]} 19. Kc1 {[%emt 0:00:44]} Ka5 {[%emt 0:00:07]} 20. Bb3 {[%emt 0:00:11]} c4 {[%emt 0:02:16]} 21. Bxc4 {[%emt 0:00:13]} Kxa4 {[%emt 0:00:01]} 22. Kb2 {[%emt 0:00:39]} g5 {[%emt 0:02:35]} 23. g4 {[%emt 0:01:20]} h5 {[%emt 0:00:32]} 24. h3 {[%emt 0:00:16]} h4 {[%emt 0:00:54]} 25. Bb3+ {[%emt 0:00:30]} Kb5 {[%emt 0:00:11]} 26. Ka3 {[%emt 0:00:36]} Kc5 {[%emt 0:00:47]} 27. Ka4 {[%emt 0:00:36]} Nd7 {[%emt 0:00:18]} 28. Ka5 {[%emt 0:00:54]} Nf8 {[%emt 0:00:47]} 29. Bd5 {[%emt 0:01:54]} b6+ {[%emt 0:00:36]} 30. Ka6 {[%emt 0:01:19]} Ng6 {[%emt 0:00:12]} 31. Kxa7 {[%emt 0:02:55]} Nf4 {[%emt 0:00:06]} 0-1